Tratado de cirugía clínica y operatoria / (Record no. 166595)

MARC details
000 -LEADER
campo de control de longitud fija 00886nam a2200193 i 4500
001 - NÚMERO DE CONTROL
campo de control 166595
003 - IDENTIFICADOR DE NÚMERO DE CONTROL
campo de control ES-MaACL
005 - FECHA Y HORA DE LA ÚLTIMA TRANSACCIÓN
campo de control 20250806085416.0
008 - DATOS DE LONGITUD FIJA--INFORMACIÓN GENERAL
campo de control de longitud fija 931025s1900 sp |||| | spa d
245 00 - MENCIÓN DEL TÍTULO
Título Tratado de cirugía clínica y operatoria /
Mención de responsabilidad, etc. publicado bajo la dirección de E. von Bergmann, P. von Bruns y J. von Mikulick ; con la colaboracion de medicos alemanes ; traducido directamente al castellano por Gil Saltor y Lavall.
260 ## - PUBLICACIÓN, DISTRIBUCIÓN, ETC.
Lugar de publicación, distribución, etc. Barcelona :
Nombre del editor, distribuidor, etc. José Espasa, Editor,
Fecha de publicación, distribución, etc. [s.a.]
300 ## - DESCRIPCIÓN FÍSICA
Extensión 5 v. :
Otras características físicas grab. ;
Dimensiones 26 cm.
596 #1 - NOTA AL PIE DE IMPRENTA
NOTA AL PIE DE IMPRENTA Por la bibliografia citada se deduce que la obra es ca. 1900.
597 #1 - NOTA DE DESCRIPCIÓN FÍSICA
NOTA DE DESCRIPCIÓN FÍSICA T.I (VIII, 1039 p.) -- T.II (1127 p.) -- T.III (847 p.) -- T.IV (1248 p.) -- T.V (856 p.)
650 07 - PUNTO DE ACCESO ADICIONAL DE MATERIA--TÉRMINO DE MATERIA
Término de materia o nombre geográfico como elemento de entrada Cirugía
Fuente del encabezamiento o término embne
9 (RLIN) 11050
700 0# - ENTRADA AGREGADA--NOMBRE PERSONAL
Nombre de persona Bergmann, E. von.
9 (RLIN) 27996
852 ## - LOCALIZACIÓN
Ubicación ES-MaACL
Número de control de estantería E-1279-83
Nota libre -- Enc. hol.
Holdings
Estatus retirado Estado de pérdida Estado de daño No para préstamo Biblioteca de origen Biblioteca actual Ubicación en estantería Fecha de adquisición Total de préstamos Signatura topográfica completa Código de barras Visto por última vez Precio de reemplazo Tipo de ítem Koha
        Biblioteca del Ateneo de Madrid Biblioteca del Ateneo de Madrid Depósito 2 17/01/2008   E-1279-83 1174727 23/02/2023 23/02/2023 Libro impreso